瑜伽療心室 : (Record no. 7624)
[ view plain ]
| 000 -LEADER | |
|---|---|
| fixed length control field | 00929cam a2200289 i 4500 |
| 001 - CONTROL NUMBER | |
| control field | 1761388 |
| 003 - CONTROL NUMBER IDENTIFIER | |
| control field | YEEZEN |
| 005 - DATE AND TIME OF LATEST TRANSACTION | |
| control field | 20241226141315.0 |
| 008 - FIXED-LENGTH DATA ELEMENTS--GENERAL INFORMATION | |
| fixed length control field | 240814s2024 ch a 000 0 chi c |
| 020 ## - INTERNATIONAL STANDARD BOOK NUMBER | |
| International Standard Book Number | 9786267532010 |
| Qualifying information | (平裝) : |
| Terms of availability | 新台幣399元 |
| 040 ## - CATALOGING SOURCE | |
| Original cataloging agency | PVY |
| Language of cataloging | chi |
| Transcribing agency | PVY |
| 042 ## - AUTHENTICATION CODE | |
| Authentication code | nbic |
| 090 ## - LOCALLY ASSIGNED LC-TYPE CALL NUMBER (OCLC); LOCAL CALL NUMBER (RLIN) | |
| Classification number (OCLC) (R) ; Classification number, CALL (RLIN) (NR) | 411.15 |
| 100 1# - MAIN ENTRY--PERSONAL NAME | |
| Personal name | 王旭亞 |
| Relator code | 著 |
| 245 10 - TITLE STATEMENT | |
| Title | 瑜伽療心室 : |
| Remainder of title | 寫給分心、疲乏、壓力、失眠、疼痛、焦慮、憂鬱的你,體貼身心的指引練習 / |
| Statement of responsibility, etc. | 王旭亞(Jelly Wang)著 |
| 246 33 - VARYING FORM OF TITLE | |
| Display text | 英文題名: |
| Title proper/short title | Yoga therapy. |
| 250 ## - EDITION STATEMENT | |
| Edition statement | 初版一刷 |
| 260 ## - PUBLICATION, DISTRIBUTION, ETC. | |
| Place of publication, distribution, etc. | 新北市 : |
| Name of publisher, distributor, etc. | 幸福文化,遠足文化出版 ; |
| -- | 遠足文化發行, |
| Date of publication, distribution, etc. | 2024.07 |
| 300 ## - PHYSICAL DESCRIPTION | |
| Extent | 285,[1]面 : |
| Other physical details | 圖 ; |
| Dimensions | 21公分 |
| 490 1# - SERIES STATEMENT | |
| Series statement | 好生活 ; |
| Volume/sequential designation | 30. |
| 490 1# - SERIES STATEMENT | |
| Series statement | Life ; |
| Volume/sequential designation | 30. |
| 650 #7 - SUBJECT ADDED ENTRY--TOPICAL TERM | |
| Source of heading or term | lcstt |
| Topical term or geographic name entry element | 瑜伽 |
| 650 #7 - SUBJECT ADDED ENTRY--TOPICAL TERM | |
| Source of heading or term | lcstt |
| Topical term or geographic name entry element | 心靈療法 |
| 830 #0 - SERIES ADDED ENTRY--UNIFORM TITLE | |
| Uniform title | 好生活 ; |
| Volume/sequential designation | 30. |
| 830 #0 - SERIES ADDED ENTRY--UNIFORM TITLE | |
| Uniform title | Life ; |
| Volume/sequential designation | 30. |
| 942 ## - ADDED ENTRY ELEMENTS (KOHA) | |
| Source of classification or shelving scheme | 中文圖書分類法 |
| Koha item type | 一般圖書 |
| 撤銷狀態 | 遺失狀態 | 分類號來源 | 損壞狀態 | 不外借 | 永久館藏地 | 現在館藏地 | 書架位置 | 採購日期 | 全部借出 | 完整索書號 | 條碼號 | 最後一次日期記錄 | Date last checked out | 一般價格有效日期 | Koha館藏類型 | 公開資訊 |
|---|---|---|---|---|---|---|---|---|---|---|---|---|---|---|---|---|
| 未註銷館藏 | 未遺失 | 中文圖書分類法 | 未損毀 | 可外借 | 怡仁綜合醫院圖書館 | 怡仁綜合醫院圖書館 | 2024-12-26 | 2 | 411.15 | C03208 | 2025-12-18 | 2025-12-17 | 2024-12-26 | 一般圖書 | 你也有分心、疲乏、壓力、失眠、疼痛、焦慮、憂鬱的困擾嗎?在瑜療師的課程裡,這是許多學員被生活傷得節節敗退的真實感受,有的看了身心科、有的上過眾多身心課程、有的接觸瑜伽多年,但是回到生活面的他們有時仍不知所措,深怕下一次的情緒地震突然來臨。 |